[Event "Candidates sf2"]
[Site "Dortmund"]
[Date "2002.07.16"]
[Round "4"]
[White "Topalov, Veselin"]
[Black "Bareev, Evgeny"]
[Result "1-0"]
[WhiteElo "2745"]
[BlackElo "2726"]
[Annotator "Lukacs,P"]
[PlyCount "79"]
[EventDate "2002.07.13"]
[EventType "match"]
[EventRounds "4"]
[EventCountry "GER"]
[SourceTitle "CBM 090"]
[Source "ChessBase"]
[SourceDate "2002.09.20"]
[SourceVersion "1"]
[SourceVersionDate "2002.09.20"]
[SourceQuality "1"]

1. e4 {Ftacnik} c6 2. d4 d5 3. e5 Bf5 4. Nc3 e6 5. g4 Bg6 6. Nge2 Ne7 7. f4 c5
$5 {[%mdl 8]} (7... Na6 8. Ng3 Nb4 9. f5 exf5 10. a3 f4 11. axb4 fxg3 12. hxg3
a6 (12... Nc8 13. b5 $1 $14 {- Sutovsky-Dautov, Julian Borowski-A 3rd Essen
2001 CBM 83}) 13. Bg5 b5 $1 {- Bruzon Bautista-Gonzales, CUB-ch Holguin City
2002 CBM 89} (13... Qb8 14. Bd3 Qa7 {This is a rather sophysticated Q
manoeuvre.} 15. Ne2 b5 16. c3 Bxd3 17. Qxd3 Ng6 18. Nf4 Nxf4 19. gxf4 {and
White's P chain can easily be mobilized.} h6 20. f5 $16 {Svidler-Galkin,
RUS-chT Tomsk 2001})) (7... h5 8. f5 $1 exf5 9. g5 {- Nataf-Grabarczyk,
Hasselbacken 2001 CBM 85}) 8. h4 $6 {The is too much of P moves on the >>.} (8.
dxc5 $142 {is the natural reaction in the [+].} Nec6 9. Be3 (9. f5 $6 {is
again self-destructive.} exf5 10. Qxd5 Na6 $5 (10... fxg4 {comes also into
consideration, White's P majority on the << is counterbalanced on the other
flank.} 11. Qxd8+ (11. Bf4 Bxc2 (11... Nd7 12. O-O-O Nxc5 {looks also playable.
}) 12. Qxd8+ Kxd8 13. Rc1 Bg6 14. Bg2 Nd7 $15 {and White has to show something
for the P.}) 11... Kxd8 12. Be3 Nxe5 13. O-O-O+ Kc8 14. Bg2 Na6 15. Rd5 f6 $1 {
strengthening the strong N in the [+].} (15... Nd7 16. Rhd1 Bxc5 17. Bxc5 Ndxc5
18. Nb5 $1 $14) 16. Rhd1 Be7 $13) 11. Qxd8+ Rxd8 $13) 9... Nd7 10. Ng3 (10. f5
$6 {is again dubious in view of} exf5 11. gxf5 Bxf5 12. Nxd5 Bxc5) 10... Ndxe5
$1 {This was the idea, but} (10... d4 11. Bxd4 Bxc2 12. Qxc2 Nxd4 13. Qa4 Bxc5
14. O-O-O $14 {and White has the better development.}) (10... Bxc5 $6 11. Bxc5
Nxc5 12. f5 $16) 11. Nb5 $1 {is the real answer!} (11. fxe5 d4 $13) 11... a6 (
11... d4 12. Bd2 $1 Bxc5 (12... a6 13. Nd6+ $16) 13. fxe5 Nxe5 14. Qe2 f6 15.
Ne4 $14) 12. Nd6+ Bxd6 13. cxd6 Nc4 14. Bxc4 dxc4 15. O-O $14) 8... h5 $1 9. f5
$1 {otherwise the whole >> collapses.} exf5 10. g5 {This old blockading idea
is not so effective, because the [+] is not closed.} Nec6 11. Bg2 cxd4 12. Nxd5
(12. Nxd4 Bb4 $15) 12... Nd7 13. Nxd4 Ndxe5 14. Nb5 {'!?' Ftacnik. Ftacnik:
'White has to play creatively, since with completed development second player
might be very satisfied with his prospects.'} (14. Bf4 {Ftacnik} Bd6 15. Qd2
O-O $11) 14... Rc8 (14... Bd6 $5 {Ftacnik} 15. Nf6+ Ke7 16. Nd5+ Kf8 17. Nxd6
Qxd6 18. Bf4 Qc5 $13) 15. Qe2 {'!' Ftacnik.} Bd6 (15... Bc5 $5 16. Bf4 (16. b4
$1 {Ftacnik} Bd6 17. Bf4 $16) 16... O-O 17. O-O-O Qa5 18. Rhe1 Rfe8 19. Kb1 $13
) (15... f6 {Ftacnik} 16. Bf4 $40) 16. Nxd6+ (16. Bf4 $5 {Ftacnik} Bb8 17.
O-O-O Kf8 18. Rh3 $16) 16... Qxd6 17. Bf4 O-O 18. O-O-O {White still blockades
the vital f4 square, but the fight arises now on the other side of the board.}
Qc5 {'?!' Ftacnik. leaving the pins with ease! Ftacnik: 'White's bishops pair
is very dangerous, so it was important for the defender to play accurately.'} (
18... Qe6 {Ftacnik} 19. Rh3 Ng4 20. Qb5 $14) 19. Rh3 {'!' Ftacnik.} (19. b4 $6
{is again a suicide move:} Nxb4 20. Nxb4 Nc4 $1 $44) 19... Rfe8 (19... Nc4 $5 {
grabbing the |^ on the << was worthy of consideration:} 20. Rc3 (20. c3 Rfe8)
20... Nb4 21. Kb1 Qb5 22. Ne7+ Kh7 23. Bf1 $1 (23. Nxc8 Na3+ $19) 23... Rfe8
$17) 20. Rc3 Qa5 21. Ra3 (21. Re3 $2 Qxa2 $1 22. Bxe5 Na5 $1 23. Ra3 Nb3+ 24.
Rxb3 Qxb3 $17) 21... Qc5 22. Re3 (22. Rc3 $11) 22... Nd4 $2 {Black has lost
the thread.} (22... Re6 $1 {was required with a complicated struggle.} 23. Bxe5
(23. Rc3 Qa5 $13) (23. Kb1 Kh8 $13) 23... Rxe5 24. Rxe5 Nxe5 25. c3 Nc6 $13)
23. Rxd4 $1 Qxd4 24. Rxe5 {Now White gets the material advantage and an active
^^ in an opened position.} (24. Bxe5 Qxh4 (24... Qg4 {Ftacnik} 25. Qxg4 fxg4
26. c3 $16) 25. Bf4 Rxe3 26. Qxe3 Kh7 27. Kb1 $14) 24... Kh7 (24... Rxe5 25.
Bxe5 Qg1+ 26. Qf1 $14 {and the _|_ is clearly better for White because of his
chances on the <<.}) (24... Qg1+ 25. Qf1 $14) 25. Qd1 {'?!' Ftacnik. Ftacnik:
'Not the best way to realize solid advantage, Topalov hopes to eliminate even
a traces of counterplay. '} (25. Qe3 Qxe3+ (25... Qc4 26. Nc3 $14) 26. Rxe3 $14
) (25. Rxe8 Rxe8 26. Qf1 $14) 25... Qf2 {'!' Ftacnik. Black wants to
complicate matters, therefore avoids the exchange of queens.} (25... Qxd1+ 26.
Kxd1 $14) 26. Bf3 Rxe5 27. Bxe5 f4 $2 {'!' Ftacnik. Black finally wants to
free his entombbed B, but this was not the right place.} (27... Qxh4 28. Bf4
Rd8 (28... Qf2 29. Bxh5 $16) 29. Qd2 Re8 30. Kd1 $14) 28. Bc3 $1 Rd8 {'?'
Ftacnik.} (28... Qxh4 29. Qd4 Rxc3 30. Nxc3 Qxg5 {gave at least a lot of pawns
for Black...} 31. Nd5 $16 (31. Qxa7 $16 {Ftacnik})) 29. b3 (29. Bxh5 $18 {
was simpler}) 29... Kh8 30. Be1 {leaving the long /^ can only be explained by
the usual lack of time.} (30. Bd4 $18 Qxh4 (30... Qh2 {Ftacnik} 31. Bxg7+ Kxg7
32. Qd4+ Kh7 33. Nf6+ Kg7 34. Nxh5+ Kf8 35. Qxd8#) 31. Bxg7+ Kxg7 32. Qd4+ Kh7
33. Nf6+ Kg7 34. Nxh5+) 30... Qc5 31. Kb2 Bf5 (31... Bxc2 {Ftacnik} 32. Qxc2
Rxd5 33. Bxd5 Qxd5 34. Qc4 Qg2+ 35. Ka3 $18) 32. c4 b5 33. Bb4 Qf2+ 34. Qe2
Qxe2+ (34... Qg1 35. Bxh5 $16 (35. Bc3 {Ftacnik})) 35. Bxe2 bxc4 36. bxc4 {
and the _|_ is simply winning again.} Bg4 37. Bd3 f3 38. Kc3 Be6 39. Ne3 Bh3
40. Nd1 $138 (40. Nd1 Bf5 $1 41. Nf2 Bxd3 42. Nxd3 Re8 43. Bc5 a6 44. Bd4 Kh7
45. c5 $16 {Black lost on time in a position, that still offered some chances
for resistance.}) 1-0

[Event "FIDE-Wch"]
[Site "San Luis"]
[Date "2005.10.05"]
[Round "7"]
[White "Morozevich, Alexander"]
[Black "Anand, Viswanathan"]
[Result "1-0"]
[WhiteElo "2707"]
[BlackElo "2788"]
[Annotator "Lukacs,P"]
[PlyCount "99"]
[EventDate "2005.09.28"]
[EventType "tourn"]
[EventRounds "14"]
[EventCountry "ARG"]
[EventCategory "20"]
[SourceTitle "CBM 110"]
[Source "ChessBase"]
[SourceDate "2006.01.31"]
[SourceVersion "1"]
[SourceVersionDate "2006.01.31"]
[SourceQuality "1"]

1. e4 c6 2. d4 d5 3. e5 Bf5 4. Nf3 e6 5. Be2 Ne7 6. Nbd2 h6 7. O-O Nd7 8. c3 {
This is the quiet positional approach.} (8. c4 {is more aggressive.} dxc4 {
Black has to react in the [+].} (8... Bg6 {/\ Nf5 but this doesn't look an
adequate answer to White's central push.} 9. b3 Nf5 10. Bb2 Bb4 11. a3 (11. Rc1
Qe7 12. cxd5 (12. Nb1 $5 {/\ a3-b4}) 12... exd5 13. Ne1 h5 14. Nd3 a5 {(Tong
Neo Choo-Dreev, ICC INT 2002)} 15. Nf4 $14) 11... Be7 (11... Bxd2 12. Qxd2 $14)
) 9. Nxc4 Nd5 10. Qb3 N7b6 {Black controls firmly >< d5.} 11. Na5 Qd7 12. Bd2
Be7 13. Ne1 O-O 14. Nd3 Bxd3 15. Bxd3 Bg5 {depriving White from the ^^.} 16.
Bxg5 (16. f4 $2 Nxf4 $19) 16... hxg5 $11 {Gdanski-Urban, POL-ch 1992}) (8. Re1
{/\ Nf1 continuing the slow manoeuvring play.} Bh7 (8... g5 $6 {is a nervous
reaction weakening his own >>.} 9. Nf1 c5 10. c4 Bg7 11. Ne3 Be4 12. cxd5 exd5
13. Ng4 cxd4 14. Bd3 $16 {Iordachescu-Brumen, Lido Estensi 2002}) 9. Nf1 c5 10.
c4 {White wants to open up the position for his better developed pieces.} dxc4
11. Bxc4 $142 $14 (11. Ne3 cxd4 12. Nxd4 Nxe5 13. Nxc4 N7c6 14. Nxe5 Qxd4 15.
Nxc6 Qxd1 16. Rxd1 bxc6 17. Bf3 Rc8 18. Be3 c5 $11 {Svidler-Dreev, Elista 1998}
)) 8... a6 $5 {[%mdl 8] Black is not hurrying with the push c5.} (8... c5 9.
Nb3 (9. a3 Nc6 10. b4 cxd4 11. cxd4 Be7 12. Re1 O-O 13. Nf1 Nb6 14. Ne3 Bg6 15.
Bb2 Rc8 16. Rc1 Qd7 {Black has a good play on the << against the weakened
light squares.} 17. Qb3 a6 $15 {Am.Rodriguez-Asrian, Las Vegas 1999}) 9... c4
10. Nbd2 {This was the idea of the provocation, there is no weakness of d4,
White can freely maintain his pressure on the >>.} Nc6 11. Ne1 $1 $14 {/\
Nc2-e3, f4} Be7 12. Nc2 O-O 13. Ne3 Bh7 14. f4 b5 {/\ b4 with the typical
counterplay on the other flank.} 15. a3 (15. f5 $2 {is premature in view of}
Bg5 $1) 15... Qb6 16. Qe1 a5 $142 {Blatny} (16... Bd8 $6 17. Nf3 $14 {
Ibragimov-Kharitonov, Sochi 1997 CBM 062})) 9. Nb3 Rc8 {c5 is really
well-prepared now.} 10. Nh4 Bh7 11. f4 c5 12. Bh5 (12. dxc5 Nc6 (12... Ng6 13.
Nf3) (12... Nf5 13. Nxf5 Bxf5 14. Be3 Nxc5 15. Nd4 Be4 16. f5 $36) 13. Nf3 Nxc5
14. Be3 Ne4) 12... Nf5 13. Nxf5 Bxf5 14. Be3 g6 (14... c4 15. Nc1 $14) 15. Be2
h5 ({Perhaps it was already time for closing the position by} 15... c4 $142 $5
16. Nc1 h5 17. Bf3 h4 18. Qd2 Be7 $13) 16. dxc5 $1 Nxc5 17. Nd4 Be4 (17... Be7
18. a4 $16) (17... b5 $2 18. a4 $1 $18) 18. a4 {/\ a5 gaining space on the <<,
there is no breakthrough on the other flank.} h4 19. a5 h3 (19... Be7 20. b4
Nd7 21. Qd2 $16) 20. g3 Bg2 {[#]} 21. Rf2 $5 (21. Re1 Be7) 21... Ne4 (21... Be7
22. Bf3 $14) 22. Rxg2 $1 {This is a nice positional exchange sacrifice
changing the character of the game.} hxg2 23. Kxg2 Bc5 24. Bd3 {White has a
nice ^^, a P and a rock-solid position for the exchange.} Qd7 25. Qf3 Bxd4 (
25... f5 $2 26. exf6 e5 {gives no real attacking chances:} 27. Bxe4 Qh3+ 28.
Kf2 dxe4 29. Qxe4 Qxh2+ 30. Kf3 Qh5+ 31. g4 Qh3+ 32. Ke2 Qxg4+ 33. Kd3 Bxd4 34.
cxd4 Qe6 35. d5 Qxf6 36. fxe5 $16) 26. Bxd4 f5 $2 {This is the decisive
mistake, but White had a very good compensation already.} (26... Qc6 27. h4 $44
) (26... Nd2 27. Qd1 Nc4 28. Qc2 $44) (26... Nc5 27. Bc2 $44) 27. exf6 e5 28.
Bxe4 $1 $18 {Black has some checks, but that's it.} Qh3+ 29. Kf2 Qxh2+ (29...
dxe4 30. Qxe4 Qxh2+ 31. Kf3 Qh5+ 32. Ke3 $18 {and the K escapes.}) 30. Qg2 exd4
31. Bxg6+ Kf8 32. Re1 $1 d3 33. Bxd3 Rc6 34. Re5 $1 Rd6 35. Kf3 Qxg2+ 36. Kxg2
Rh6 37. g4 Rhxf6 38. f5 {The white connected passed pawns decide the battle.}
Rf7 39. Kg3 b5 40. axb6 Rxb6 41. g5 Rd7 42. f6 d4 43. Bg6 Rb8 44. cxd4 Rxd4 45.
Re7 Rdb4 46. Rf7+ Kg8 47. Rg7+ Kh8 48. Bf7 Rd4 49. Rg6 Rd3+ 50. Kg4 1-0

[Event "Hoogovens"]
[Site "Wijk aan Zee"]
[Date "1992.01.??"]
[Round "1"]
[White "Nunn, John DM"]
[Black "Seirawan, Yasser"]
[Result "0-1"]
[WhiteElo "2615"]
[BlackElo "2600"]
[Annotator "Blatny,P"]
[PlyCount "102"]
[EventDate "1992.01.??"]
[EventType "tourn"]
[EventRounds "13"]
[EventCountry "NED"]
[EventCategory "14"]
[SourceTitle "CBM 028"]
[Source "ChessBase"]
[SourceDate "1992.06.01"]
[SourceVersion "1"]
[SourceVersionDate "1992.06.01"]
[SourceQuality "1"]

1. e4 c6 2. d4 d5 3. e5 Bf5 4. Nf3 e6 5. Be2 c5 6. O-O Nc6 7. c3 c4 $6 {[+]} (
7... Bg4 $142) 8. b3 {/\ -><< Pc4,Pb5,Pa6} b5 (8... cxb3 9. axb3 {<->a ()}) 9.
a4 a6 (9... cxb3 10. Bxb5 $36) 10. Na3 $1 (10. axb5 axb5 11. Rxa8 Qxa8 12. Nbd2
Qa2 $15) 10... h6 (10... Rb8 11. axb5 axb5 12. bxc4 bxc4 13. Qa4 Qd7 14. Nb5 {
/\Ba3}) (10... Nge7 $5 11. axb5 axb5 12. Nxb5 $5 Rxa1 13. Nd6+ Kd7 14. Nxf7 Qb8
15. bxc4 {|^ Seirawan}) 11. Bb2 (11. Bf4 Bxa3 12. Rxa3 Nge7 {/\0-0}) 11... Bxa3
$6 (11... Rb8 12. axb5 axb5 13. bxc4 bxc4 14. Qa4 Qb6 15. Nd2 Nge7 16. Naxc4
dxc4 17. Nxc4 Qb3 18. Nd6+ Kd7 $13) 12. Bxa3 Nge7 13. Bc5 O-O 14. b4 $1 {<->a}
Rb8 15. Nh4 Bh7 16. f4 (16. a5 {/\f4 ->>>}) 16... Re8 (16... a5 $132 17. axb5
Rxb5 18. Qa4 Qb8 19. Bxe7 Nxe7 20. bxa5 Nc6) 17. a5 $16 Be4 $6 (17... Qd7 {
/\Nd8-b7}) 18. Qd2 Nf5 19. Nf3 (19. Nxf5 exf5 {/\Qd7,Pg6,Nd8-e6}) 19... Rb7 20.
Rae1 Nh4 21. Qe3 {/\Nd2} (21. Nxh4 Qxh4 {/\f5!?}) 21... Nxf3+ 22. Bxf3 Bd3 23.
Be2 Be4 24. Bg4 {/\f5} g6 (24... f5 25. Bh5 {צe8}) 25. Bf3 Bd3 26. Rf2 (26.
Be2 Be4 27. f5 $1 {/\Qh6} Qg5 28. Qxg5 hxg5 29. f6 $40) 26... Kh7 27. g4 Ne7
28. Rg2 Rh8 $6 (28... Ng8 $142) 29. Rg3 Ng8 30. Qf2 Rd7 31. Qg2 Kg7 32. Bd1 $1
{/\33.Bc2 Bc2 34.Qc2 35.f5 ->>>} Be4 33. Rxe4 $1 dxe4 34. Qxe4 $2 (34. f5 {
/\Ne7 35.f6 +-} Qg5 35. f6+ Kh7 36. Qxe4 $18 {פg8,צh8}) 34... Ne7 $8 35. f5
Nd5 36. Bc2 $2 (36. f6+ Kg8 37. h4 {/\38.h5 -> g5 39.Kf2 /\Ke2-d2-c2-b2,Rg1-e1,
Qf3,Bc2-e4,Bd6 ><d5 /\+-}) 36... Qg5 37. fxe6 (37. f6+ Kg8 38. Kh1 Qc1+ 39. Rg1
Qd2 40. Rg3 Nf4) 37... fxe6 38. h4 Qc1+ $8 39. Kh2 Nf4 $1 {קg6} 40. Rf3 (40.
Rg1 Qd2+ 41. Kg3 g5 $19) (40. Re3 Qd2+ 41. Kg3 g5 42. h5 Rf7 {/\Nh5}) 40...
Qd2+ 41. Kg3 g5 $1 (41... Qg2+ $2 42. Kxf4 Rf7+ 43. Ke3 Rxf3+ (43... Qg1+ 44.
Kd2 Qg2+ 45. Kc1 $1 {/\Qxg6#}) 44. Qxf3 Qxc2 45. Qf6+ $18) 42. Rxf4 gxf4+ 43.
Kf3 Qxc3+ 44. Ke2 Qe3+ 45. Qxe3 fxe3 46. Kxe3 Kf7 47. Ke4 Rg8 48. Bd1 Ke8 49.
g5 hxg5 50. Bh5+ Rf7 51. d5 Rh8 (51... Rh8 52. dxe6 Rxh5 53. exf7+ Kxf7 54.
hxg5 Ke6 55. Be3 Rh4+) 0-1

[Event "WchT 10th"]
[Site "Tsaghkadzor"]
[Date "2015.04.23"]
[Round "5.1"]
[White "Kryvoruchko, Yuriy"]
[Black "Sasikiran, Krishnan"]
[Result "1-0"]
[WhiteElo "2695"]
[BlackElo "2682"]
[Annotator "Sumets,A"]
[PlyCount "81"]
[EventDate "2015.04.19"]
[EventType "team-tourn"]
[EventRounds "9"]
[EventCountry "ARM"]
[SourceTitle "CBM 166"]
[Source "ChessBase"]
[SourceDate "2015.05.11"]
[SourceVersion "1"]
[SourceVersionDate "2015.05.11"]
[SourceQuality "1"]
[WhiteTeam "Ukraine"]
[BlackTeam "India"]
[WhiteTeamCountry "UKR"]
[BlackTeamCountry "IND"]

1. e4 c6 2. d4 d5 3. e5 Bf5 4. Nf3 e6 5. Be2 Ne7 6. c3 {White wants to avoid
the line 6.0-0 c5, while after 6.c3 c5 he can play 7.dxc5 and b4.} h6 7. O-O
Nd7 8. Na3 a6 (8... Bh7 9. Nc2 c5 10. dxc5 Nxc5 11. Ncd4 Nc6 12. Be3 Be7 13. c4
(13. Nxc6 bxc6 14. Nd4 Qc7 15. b4 Nd7 16. Qa4 Rc8 17. Ba6 Nb6 $13) 13... O-O
14. Nxc6 bxc6 15. Nd4 Rc8 16. Rc1 a5 17. cxd5 Qxd5 (17... cxd5 $5 18. Bb5 Qb6
19. Qe2 Rc7 20. a4 $14) 18. Bf3 Be4 19. Bxe4 Qxe4 20. Qc2 $14 {Ponomariov,R 
(2734)-Grischuk,A (2763) 1/2 (33) Istanbul 2012}) (8... Qc7 9. b3 Bh7 10. c4
Ng6 11. cxd5 cxd5 12. Qd2 Qb6 13. Nb5 a6 14. Nd6+ Bxd6 15. exd6 Nf6 (15... Qxd6
16. a4 $44) 16. Ba3 Ne4 17. Qe3 (17. d7+ Kxd7 18. Qe3 $44) 17... Nxd6 18. Bc5
Qc7 19. Rac1 O-O $15 {Salem,A (2603)-Khismatullin,D (2650) 1/2 (41) Moscow RUS
2015}) (8... Rc8 9. Nc2 c5 10. dxc5 Bxc2 11. Qxc2 Nxc5 12. Rd1 (12. Be3 a6 13.
Nd4 $14) 12... Nd7 13. Qa4 Nc6 14. Be3 a6 $2 (14... Bc5 15. Bxc5 Nxc5 16. Qg4
O-O 17. c4 Qb6 18. cxd5 exd5 19. Rxd5 Qxb2 $13) 15. c4 dxc4 16. Qxc4 $16 {
Svidler,P (2723)-Nakamura,H (2699) 1-0 (45) Gjovik 2009}) 9. Nc2 Qc7 (9... Bh7
{see the game Ponomariov,R (2756)-Wang,H (2747) 1/2 Elancourt 2013 annotated
by Evgeny Postny.}) (9... c5 10. dxc5 Nxc5 11. Be3 Nd7 12. Ncd4 Bg4 13. Qa4 $1
Bxf3 (13... b5 $4 14. Nxb5 $18) 14. Nxf3 Ng6 15. c4 dxc4 16. Qxc4 Rc8 17. Qa4 (
17. Qe4 $5 $14) 17... Bc5 18. Bxc5 Rxc5 19. Rfd1 Ne7 20. Rd6 Nc8 $11 {Markgraf,
A (2493)-Zelcic,R (2564) 1-0 Germany 2011}) 10. Nfe1 $146 {A new idea. White
wants to exchange the opponent's light-squared bishop after Bd3. Then he can
launch an attack by playing f4 and g4.} (10. b4 Bh7 11. a4 a5 12. Bd2 b6 13.
Rc1 axb4 14. cxb4 Nc8 (14... Rxa4 $6 15. b5 c5 16. Nb4 Ra3 17. Na6 Qb7 18. dxc5
bxc5 19. Nxc5 Nxc5 20. Rxc5 $16) 15. Nce1 Be7 16. Bd3 $14 {Papenin,N (2502)
-Zhak,B (2556) 1-0 (30) ICCF email 2009/Corr 2013}) 10... c5 11. Bd3 g6 $6 {
In my opinion this is too sophisticated.} (11... Rc8 12. f4 g6 13. Ne3 Bxd3 14.
Qxd3 Nc6 15. Nf3 Be7 {This is a typical position with mutual chances.}) 12.
Bxf5 Nxf5 13. Ne3 cxd4 {After 11...g6 Black can't get a satisfactory position
by playing ...Nxe3.} (13... Nxe3 14. Bxe3 Rc8 15. Qd2 Bg7 16. Nd3 $14) 14. Nxf5
exf5 15. cxd4 Be7 16. Nd3 $14 {White has got an opening edge due to the
opponent's d5-pawn. Even if Black plays ...Nf8-e6 the pawn is still weak. His
other problem is the pawn structure on the kingside. He can't castle short.}
Nf8 17. Nf4 Qd7 18. Qb3 Rd8 19. Be3 Qb5 20. Qc2 $5 {This is more aggressive
than Qxb5.} (20. Qxb5+ axb5 21. g3 Ne6 22. a4 Nxf4 23. Bxf4 b4 {and White is
only slightly better.}) 20... Bg5 21. Ne2 (21. g3 Bxf4 22. Bxf4 Ne6 23. Qd2 Qb6
24. Rad1 h5 $13 {After Bg5 Black will have a choice - to take on g5 and play a
slightly worse position due to his worse pawn structure or he can allow White
to play Bf6.}) (21. Nd3 $1 Ne6 22. f4 Be7 23. Rfc1 O-O 24. a4 Qb6 25. b4 $14 {
White has better chances due to his space advantage.}) 21... Ne6 22. Qd2 Rc8
23. g3 Be7 $6 {A dubious decision. Sasikiran has decided to play with his king
in the centre.} (23... O-O 24. Rac1 Bxe3 25. fxe3 Ng5 $11) 24. Rfc1 Kd7 25. Qd1
$5 {Yuri could have won a pawn with 25.Nc3, but he decided to launch an attack.
} (25. Nc3 Bb4 26. Bxh6 $16) 25... Rxc1 26. Rxc1 Rc8 27. Nc3 Qc4 $6 ({A better
move is} 27... Qa5 28. Qb3 Bb4 29. a3 Bxc3 30. Rxc3 Rxc3 31. bxc3 {White will
take the pawn on h6, but Black has some chances to escape due to his knight on
e6.}) 28. Qf3 Rc6 29. Kg2 Nc7 ({Black could have tried to play} 29... Nxd4 30.
Qd1 $1 (30. Bxd4 $6 Qxd4 31. Rd1 Qc4 32. Nxd5 Ke8 $11) 30... Nb5 31. Nxd5 Qe4+
32. Kh3 (32. f3 $6 Qxe5 33. Nb6+ Ke8 34. Rxc6 bxc6 35. Qd7+ Kf8 36. Nc4 $14 Qe6
37. Bxh6+ Kg8) 32... Qg4+ (32... Ke8 33. Rxc6 bxc6 34. Nxe7 Kxe7 35. a4 $18)
33. Qxg4 fxg4+ 34. Kxg4 $16) 30. Bxh6 Bb4 $2 ({Black still has some chances to
escape after} 30... Qxd4 31. Bf4 (31. Rd1 $6 Qg4 $11) 31... Ke8 32. Rd1 Qc4 33.
Nxd5 Nxd5 34. Qxd5 Qxd5+ 35. Rxd5 $16) 31. a3 Bxc3 32. bxc3 Ke8 33. h4 Ne6 34.
Be3 Rb6 35. h5 $18 Rb2 36. Rh1 Kf8 37. hxg6 fxg6 38. g4 f4 39. Rh8+ Ke7 40.
Bxf4 Rb1 41. Bg5+ 1-0

[Event "Tata Steel-A 73rd"]
[Site "Wijk aan Zee"]
[Date "2011.01.28"]
[Round "11"]
[White "Nepomniachtchi, Ian"]
[Black "Nakamura, Hikaru"]
[Result "0-1"]
[WhiteElo "2733"]
[BlackElo "2751"]
[Annotator "Marin,M"]
[PlyCount "88"]
[EventDate "2011.01.14"]
[EventType "tourn"]
[EventRounds "13"]
[EventCountry "NED"]
[EventCategory "20"]
[SourceTitle "CBM 141"]
[Source "ChessBase"]
[SourceDate "2011.03.17"]
[SourceVersion "1"]
[SourceVersionDate "2011.03.17"]
[SourceQuality "1"]

1. e4 c6 2. d4 d5 3. e5 Bf5 4. h4 h5 ({In his days, Botvinnik preferred} 4...
h6 5. g4 Bd7) 5. c4 e6 6. Nc3 Ne7 7. Nge2 Bg4 $5 $146 {Nakamura confessed that
he had seen this idea in some comments of Karpov (specifically, they can be
found in the notes for Informant to his game against Adams, where 7...dxc4 was
played).} ({Nakamura had had the following unpleasant experience with this
line:} 7... dxc4 8. Ng3 Bg6 9. Bg5 Qb6 10. Qd2 Qb4 11. a3 Qb3 12. Nge4 Nd5 13.
Rh3 $1 {Svidler,P (2734)-Nakamura,H (2729)/Amsterdam 2010/CBM 138 (1-0, 37)})
8. f3 Bf5 9. Ng3 Bg6 {Black's main achievement is to have forced the
obstruction of the d1-h5 diagonal, which removes the danger against the
h5-pawn after Be2. One more aspect will be revealed later.} 10. Bg5 Qb6 11. Qd2
Nd7 12. a3 {Following Svidler's plan, without noticing an important difference.
} (12. Rc1 dxc4 13. Bxc4 Rd8 14. Qf2 f6 15. Be3 Nd5 $11 {(Nakamura) This and
the following variations were indicated by Nakamura during his press
conference following to his win.}) 12... f6 13. Be3 Qb3 $1 {It appears that
the third rank was obstructed by the pawn, too, depriving White of the
resource Rh3.} 14. cxd5 Nxd5 15. Nxd5 Qxd5 (15... cxd5 16. Rc1 fxe5 17. dxe5
Nxe5 18. Rc3 Qa4 19. Rc7 $44 {Nakamura}) 16. Rc1 Nb6 {Black has a stable
position and reasonable development. His position may be preferable already,
so White decided to look for attacking chances.} 17. Ne2 $5 (17. exf6 gxf6 18.
Bd3 Bxd3 19. Qxd3 O-O-O 20. Ne2 $15 {Nakamura}) 17... fxe5 18. dxe5 Qxe5 (18...
Qxd2+ 19. Bxd2 O-O-O 20. Nf4 Bf5 21. Be2 $13 {/+/= Nakamura}) 19. Bd4 Qc7 20.
Qg5 Bf5 (20... Bf7 21. Bxg7 Rg8 22. Be5 Rxg5 23. Bxc7 Rb5 $132) 21. g4 (21. Ng3
Be7 22. Qxg7 Rh7 23. Bxb6 Bb4+ $1 (23... Qxb6 24. Qg8+) 24. axb4 Qxg7 $19 {
Nakamura}) 21... hxg4 22. fxg4 Be4 23. Rh3 Be7 24. Qxg7 (24. Qe3 Bd5 25. h5
O-O-O 26. Nc3 $44 {Nakamura} Bf6 $5) 24... Rh7 25. Qe5 (25. Bxb6 Bxh4+ $1 {
Nakamura}) (25. Qg8+ Kd7 26. Bxb6 Rxg8 27. Bxc7 Kxc7 28. g5 Bf5 29. Rh1 Bxg5
$19 {Nakamura}) 25... Qxe5 26. Bxe5 Bxh4+ $17 27. Ng3 Nd7 28. Bd4 Bf3 29. g5
Bg4 30. g6 Rh6 31. Rxh4 Rxh4 32. Rc3 Bf3 33. Rxf3 Rxd4 34. Bh3 Ne5 35. Rf6 Nd3+
36. Ke2 Nf4+ 37. Ke3 e5 38. Rf7 Rd3+ 39. Ke4 Rxg3 40. Bd7+ Kd8 41. Bf5 Nxg6 42.
Rg7 Rb8 43. b4 b5 44. Bxg6 Rg5 0-1